[Event "ch-Belgrade 2012"]
[Site "Belgrade SRB"]
[Date "2012.01.24"]
[Round "3.1"]
[White "Pikula,D"]
[Black "Nenezic,M"]
[Result "1-0"]
[WhiteElo "2522"]
[BlackElo "2356"]

1.e4 c5 2.Nf3 d6 3.d4 cxd4 4.Nxd4 Nf6 5.Nc3 a6 6.Be3 e5 7.Nb3 Be6 8.f4 exf4
9.Bxf4 Nc6 10.Qe2 Be7 11.h3 Ne5 12.O-O-O Qc7 13.Nd4 O-O 14.g4 Rfe8 15.g5 Nfd7
16.Kb1 Rac8 17.Bc1 Qa5 18.Nd5 Bxd5 19.exd5 Nc4 20.Qg2 g6 21.h4 Bf8 22.Qh3 Ndb6
23.h5 Bg7 24.hxg6 hxg6 25.Bxc4 Nxc4 26.Qh7+ Kf8 27.Rhf1 Qxd5 28.Qxg6 Kg8
29.Qf5 Qxf5 30.Nxf5 Re2 31.b3 Bc3 32.Rd3 Na5 33.Nh6+ Kh8 34.Nxf7+ Kg7 35.Nxd6 Rc6
36.Nf5+ Kh8 37.g6 Bf6 38.Bb2 Re8 39.Nd6  1-0

[Event "11th Marienbad GMA"]
[Site "Marianske Lazne CZE"]
[Date "2012.01.24"]
[Round "4"]
[White "Kargin,A"]
[Black "Oparin,G"]
[Result "0-1"]
[WhiteElo "2424"]
[BlackElo "2466"]

1.e4 c5 2.Nf3 d6 3.d4 cxd4 4.Nxd4 Nf6 5.Nc3 a6 6.Be3 e5 7.Nf3 Qc7 8.a4 Be7
9.Be2 O-O 10.O-O b6 11.Qd3 Nbd7 12.Qc4 Qd8 13.Nh4 g6 14.Bh6 Qe8 15.Nd5 Rb8
16.Bg5 Bb7 17.Nxf6+ Nxf6 18.f4 d5 19.Qb3 h6 20.Bxf6 Bxf6 21.Nf3 exf4 22.e5 Be7
23.Kh1 Bc5 24.Rae1 Be3 25.g3 d4 26.Bc4 Qc6 27.Bxf7+ Kg7 28.Kg2  0-1

[Event "14th NordWest-Cup"]
[Site "Bad Zwischenahn GER"]
[Date "2012.01.27"]
[Round "3.1"]
[White "Solodovnichenko,Y"]
[Black "Nedic,D"]
[Result "1-0"]
[WhiteElo "2613"]
[BlackElo "2297"]

1.e4 c5 2.Nf3 d6 3.d4 cxd4 4.Nxd4 Nf6 5.Nc3 a6 6.Be3 e5 7.Nb3 Be6 8.Qd2 Be7
9.O-O-O Nbd7 10.f4 Ng4 11.g3 Nxe3 12.Qxe3 b5 13.Kb1 Qb6 14.Qf3 Nf6 15.Nd5 Bxd5
16.exd5 O-O 17.Bd3 Rfe8 18.Rhe1 Bf8 19.g4 Rad8 20.g5 Nd7 21.f5 a5 22.f6 a4
23.Nd2 g6 24.Ne4 a3 25.h4 axb2 26.h5 Ra8 27.hxg6 hxg6 28.Qh3 Rxa2 29.Rh1 Ra1+
30.Kxb2  1-0

[Event "17th HIT Open A"]
[Site "Nova Gorica SLO"]
[Date "2012.01.27"]
[Round "1"]
[White "Kralj,S"]
[Black "Kovacevic,A"]
[Result "0-1"]
[WhiteElo "1958"]
[BlackElo "2557"]

1.e4 c5 2.Nf3 d6 3.d4 cxd4 4.Nxd4 Nf6 5.Nc3 a6 6.Be3 Ng4 7.Bg5 h6 8.Bh4 g5
9.Bg3 Bg7 10.h3 Ne5 11.Be2 Nbc6 12.Nb3 b5 13.a3 Rb8 14.Qc1 Nc4 15.Nd1 Be6
16.c3 Rc8 17.O-O Bf6 18.f4 gxf4 19.Bxf4 N6e5 20.Qc2 Rg8 21.Kh2 Ng6 22.Bg3 Be5
23.Bxe5 Ncxe5 24.Ne3 Bxb3 25.Qxb3 e6 26.Ng4 Nxg4+ 27.Bxg4 Qg5 28.Qd1 Ne5
29.Bf3 Rc4 30.Qe2 Ke7 31.Rf2 Rg6 32.Rd1 Rf6 33.Qd2 Qxd2 34.Rdxd2 Rg6 35.Rd1 Rg8
36.Rfd2 Rc6 37.Rf2 Rb8 38.Bh5 Rc4 39.Bf3 a5 40.Rfd2 Rb6 41.Rd4 Rxd4 42.cxd4 Nc4
43.Be2 d5 44.exd5 exd5 45.Kg3 Nxb2 46.Rb1 Nc4 47.Rb3 b4 48.axb4 axb4 49.Kf2 Nd2
50.Rb2 Ne4+ 51.Ke3 Nc3 52.Bf3 Kd6 53.Kd3 Kc6 54.Bh5 f6 55.Kc2 Rb8 56.Kb3 Kb5
57.Bg4 Rb7 58.Rf2 Ra7 59.Rxf6 Ra3+ 60.Kb2 Ra2+ 61.Kb3 Ra3+ 62.Kb2 Kc4 63.Rxh6 Ra2+
64.Kc1 b3 65.Rb6 Rc2+  0-1

[Event "TCh-CAT 2012"]
[Site "Catalunya ESP"]
[Date "2012.01.28"]
[Round "1.2"]
[White "Rios,Cr"]
[Black "Fluvia Poyatos,Joa"]
[Result "1/2-1/2"]
[WhiteElo "2384"]
[BlackElo "2490"]

1.e4 c5 2.Nf3 d6 3.d4 cxd4 4.Nxd4 Nf6 5.Nc3 a6 6.Be3 e5 7.Nf3 Be7 8.Bc4 O-O
9.O-O Be6 10.Bb3 b5 11.Re1 h6 12.Nh4 Nbd7 13.Nf5 Nc5 14.Nd5 Bxf5 15.exf5 Nxb3
16.axb3 Nxd5 17.Qxd5 Qc8 18.Qe4 d5 19.Qxd5 Qxc2 20.Qb7 Bb4 21.Rec1 Qxb2 22.f6 Bd2
23.Rcb1 Qc3 24.fxg7 Kxg7 25.Bxd2 Qxd2 26.Rxa6 Qd3 27.Re1 Rxa6 28.Qxa6 Qxb3
29.h3 Re8 30.Re3 Qb1+ 31.Kh2 Re6 32.Rg3+ Rg6 33.Rxg6+ fxg6 34.Qe6 Qb4 35.Qxe5+ Kf7
36.Qd5+ Kf6 37.Qd8+ Ke6 38.Qe8+ Kd5 39.Qf7+ Kc6 40.Qe8+ Kc7 41.Qf7+ Kd8 42.Qd5+ Ke7
43.Qb7+ Kd6 44.Qb8+ Kc5 45.Qe5+ Kc4 46.Qe4+ Kc3 47.Qe1+ Kb3 48.Qb1+ Ka3 49.Qa1+ Kb3
50.Qb1+ Ka3  1/2-1/2

[Event "TCh-CZE Liga1 Vychod"]
[Site "Czech Rep CZE"]
[Date "2012.01.28"]
[Round "9.3"]
[White "Jurcik,Mart"]
[Black "Cerveny,M"]
[Result "1/2-1/2"]
[WhiteElo "2355"]
[BlackElo "2347"]

1.e4 c5 2.Nf3 d6 3.d4 cxd4 4.Nxd4 Nf6 5.Nc3 a6 6.Be3 e5 7.Nb3 Be6 8.Qd2 Nbd7
9.f4 Rc8 10.O-O-O Be7 11.f5 Bc4 12.Bxc4 Rxc4 13.Qd3 b5 14.Kb1 Qc7 15.Nd2 Nc5
16.Bxc5 Rxc5 17.Nd5 Nxd5 18.exd5 h5 19.Ne4 Rc4 20.Qe2 Qb6 21.Rd3 Bf6 22.b3 Kd7
23.Rh3 Rd4 24.c3 Rxe4 25.Qxe4 a5 26.g4 h4 27.Qe3 Qxe3 28.Rxe3 Bg5 29.Re4 h3
30.Rf1 Bf4 31.Rf2 Kc7 32.a4 Kb6 33.axb5 Kxb5 34.Rc4 Rh4 35.Rcxf4 exf4 36.Rxf4 g6
37.fxg6 fxg6 38.Kc2 g5 39.Re4 Rh8 40.Kd3 Rf8 41.Re3 Rf4 42.Rxh3 Rxg4 43.Rg3 Rh4
44.h3 Kc5 45.Ke3 a4 46.bxa4 Rxa4 47.Rxg5 Rh4 48.Rg3 Kxd5 49.Kf3 Ke5 50.Kg2 Rc4
51.Re3+ Kf5 52.Rf3+ Ke4 53.h4 d5 54.Kg3 Rc8 55.Rf4+ Ke5 56.Rf3 Ke4 57.h5 Rg8+
58.Kf2 d4 59.cxd4 Kxd4 60.Rg3 Rxg3 61.Kxg3 Ke5 62.h6 Kf6 63.h7 Kg7 64.h8=R Kxh8  1/2-1/2

[Event "ch-TUR 2012"]
[Site "Kemer TUR"]
[Date "2012.01.29"]
[Round "1"]
[White "Sanal,V"]
[Black "Yarimaga,Mehmet Hakan"]
[Result "1-0"]
[WhiteElo "2278"]
[BlackElo "1713"]

1.e4 c5 2.Nf3 d6 3.d4 cxd4 4.Nxd4 Nf6 5.Nc3 a6 6.Be3 e6 7.f3 Be7 8.Qd2 Qc7
9.a4 O-O 10.g4 Nc6 11.h4 d5 12.g5 Nh5 13.exd5 Nxd4 14.Qxd4 Bd6 15.Bd3 Be5
16.Qc5 Bg3+ 17.Kd2 Qd7 18.Rad1 Re8 19.Kc1 Bd6 20.Qd4 exd5 21.Nxd5 Be5 22.Qc4 b5
23.axb5 axb5 24.Qxb5 Qe6 25.Bf5 Ba6 26.Qd7 Qxd7 27.Bxd7 Red8 28.Ne7+ Kh8
29.Nc6  1-0

[Event "Moscow Open A 2012"]
[Site "Moscow RUS"]
[Date "2012.01.29"]
[Round "2"]
[White "Iordachescu,V"]
[Black "Khusnutdinov,R"]
[Result "1-0"]
[WhiteElo "2651"]
[BlackElo "2492"]

1.e4 c5 2.Nf3 d6 3.d4 cxd4 4.Nxd4 Nf6 5.Nc3 a6 6.Be3 Ng4 7.Bg5 h6 8.Bh4 g5
9.Bg3 Bg7 10.Be2 h5 11.h4 gxh4 12.Bxh4 Nc6 13.Nb3 Be6 14.Qd2 Qb6 15.Nd5 Bxd5
16.exd5 Nce5 17.O-O-O Bh6 18.f4 Ng6 19.Rdf1 Ne3 20.Rf3 Nxh4 21.Rxh4 Nxg2
22.Rxh5 O-O-O 23.Kb1 Kb8 24.a4 e5 25.dxe6 fxe6 26.a5 Qc7 27.Bf1 Bxf4 28.Qxg2 Rxh5
29.Rxf4 d5 30.Qf3 Rh2 31.Bd3 e5 32.Rf7 Rd7 33.Rxd7 Qxd7 34.Nc5 Qd6 35.b4 Rh4
36.c3 Rf4 37.Qg2 Rf7 38.Qg8+  1-0

[Event "Moscow Open 2012 A"]
[Site "Moscow RUS"]
[Date "2012.01.29"]
[Round "2.67"]
[White "Kovalev,Vl"]
[Black "Davydov,S1"]
[Result "1-0"]
[WhiteElo "2453"]
[BlackElo "2307"]

1.e4 c5 2.Nf3 d6 3.d4 cxd4 4.Nxd4 Nf6 5.Nc3 a6 6.Be3 e6 7.g4 Be7 8.g5 Nfd7
9.h4 Qc7 10.Qd2 Nc6 11.O-O-O Nc5 12.f4 Bd7 13.Bh3 b5 14.Nf5 exf5 15.Nd5 Qd8
16.exf5 O-O 17.f6 gxf6 18.gxf6 Bxf6 19.Qg2+ Kh8 20.Nxf6 Qxf6 21.Bxd7 Nxd7
22.Qxc6 Qe6 23.Rhe1 Rfc8 24.Bd4+ Ne5 25.Qe4 f6 26.fxe5 dxe5 27.Kb1 Rc6 28.Bc3 a5
29.Rf1 Re8 30.Qd5 b4 31.Qxe6 Rexe6 32.Bd2 Kg8 33.Bh6 Kf7 34.Rg1 Re7 35.h5 Ke6
36.Rde1 Rc4 37.Bg7 Rh4 38.h6 e4 39.Kc1 f5 40.Rg2 Rd7 41.Rf2 Rh3 42.b3 Rd5
43.Kb2 Rd8 44.a3 Rg3 45.axb4 axb4 46.Ra1 Rd5 47.Ra6+ Kd7 48.Ra7+ Ke8 49.Rb7 e3
50.Re2 Rd2 51.Re1 f4 52.Rxb4 Rf3 53.Be5 Rff2 54.Rc4  1-0

[Event "17th HIT Open A"]
[Site "Nova Gorica SLO"]
[Date "2012.01.29"]
[Round "5"]
[White "Hrenic,M"]
[Black "Markoja,S"]
[Result "0-1"]
[WhiteElo "2077"]
[BlackElo "1963"]

1.e4 c5 2.Nf3 d6 3.d4 cxd4 4.Nxd4 Nf6 5.Nc3 a6 6.Be3 e5 7.Nb3 Be6 8.f3 Nbd7
9.g4 Nb6 10.g5 Nh5 11.Qd2 Rc8 12.O-O-O Be7 13.Kb1 O-O 14.Rg1 Qc7 15.Qf2 Nc4
16.Bxc4 Bxc4 17.Bb6 Qb8 18.Na5 Be6 19.Ne2 f5 20.Qh4 g6 21.f4 fxe4 22.fxe5 d5
23.Nb3 Qxe5 24.Bd4 Qc7 25.Bc3 Bd6 26.Nbd4 Bf7 27.Ng3 Ng7 28.Rdf1 Be5 29.Nge2 Be6
30.Rf6 Bf5 31.Rf1 Qe7 32.Nxf5  0-1

[Event "ch-TUR 2012"]
[Site "Kemer TUR"]
[Date "2012.01.30"]
[Round "3"]
[White "Sarikaya,Ergun"]
[Black "Tirak,Mert"]
[Result "0-1"]
[WhiteElo "1954"]
[BlackElo "1710"]

1.e4 c5 2.Nf3 d6 3.d4 cxd4 4.Nxd4 Nf6 5.Nc3 a6 6.Be3 g6 7.f3 Bg7 8.Qd2 h5
9.Bc4 b5 10.Bb3 Bb7 11.a3 Nbd7 12.Qe2 Qc7 13.Nd5 Nxd5 14.Bxd5 Bxd5 15.exd5 Nf6
16.O-O O-O 17.Rfd1 Nxd5 18.Nxb5 Qb7 19.Rxd5 Qxd5 20.Nc7 Qe5 21.Nxa8 Qxb2
22.Rd1 Rxa8 23.Qd3 Rc8 24.c4 Qc3 25.Qe4 Bf6 26.c5 dxc5 27.a4 Qe5 28.Qxe5 Bxe5
29.f4 Bf6 30.Rc1 c4 31.Kf1 Kf8 32.Ke2 Ke8 33.Kd2 Kd7 34.Rb1 Rc6 35.Kc2 c3
36.h3 Ke6 37.g4 hxg4 38.hxg4 Kd5 39.Rd1+ Ke4 40.Bc1 Rc7 41.g5 Bd4 42.Ba3 Be3
43.Re1 Kxf4 44.Rf1+ Kxg5 45.Rxf7 Kg4 46.Bd6 Rd7 47.Be5 Bd2 48.Bxc3 Bxc3 49.Kxc3 Rb7
50.Kc4 g5 51.Kc5 Kg3 52.Rg7 g4 53.Rg6 Kf3 54.Rxa6 g3 55.Rg6 g2 56.a5 Rb1
57.a6 g1=Q+ 58.Rxg1 Rxg1 59.a7 Ra1  0-1

[Event "Moscow Open Women 2012"]
[Site "Moscow RUS"]
[Date "2012.01.30"]
[Round "3.52"]
[White "Frolova,E"]
[Black "Turygina,I"]
[Result "1-0"]
[WhiteElo "2005"]
[BlackElo "1693"]

1.e4 c5 2.Nf3 d6 3.d4 cxd4 4.Nxd4 Nf6 5.Nc3 a6 6.Be3 e5 7.Nb3 Be6 8.Qd2 Qc7
9.O-O-O b5 10.Kb1 Nbd7 11.f4 Nb6 12.Bxb6 Qxb6 13.f5 Bc4 14.h3 Rb8 15.g4 Bxb3
16.cxb3 b4 17.Nd5 Nxd5 18.Qxd5 Be7 19.Bc4 Rf8 20.h4 h6 21.Qd2 a5 22.g5 Rh8
23.Qd5 Rf8 24.f6 gxf6 25.gxh6 Qc5 26.Qd2 Rh8 27.Rdf1 Bd8 28.Rhg1 Qd4 29.Qg2 Kd7
30.Bxf7 Be7 31.Rc1 Qe3 32.Qg4+ Kd8 33.h7 Bf8 34.Qe6 Be7 35.Rg8+  1-0

[Event "Moscow Open Women 2012"]
[Site "Moscow RUS"]
[Date "2012.01.30"]
[Round "3.8"]
[White "Ambartsumova,K"]
[Black "Zizlova,S"]
[Result "1/2-1/2"]
[WhiteElo "2315"]
[BlackElo "2161"]

1.e4 c5 2.Nf3 d6 3.d4 cxd4 4.Nxd4 Nf6 5.Nc3 a6 6.Be3 e5 7.Nf3 Be7 8.Bc4 O-O
9.O-O Be6 10.Bb3 b5 11.Re1 h6 12.Qd3 Nbd7 13.Rad1 Qc7 14.Nh4 Bxb3 15.axb3 Rfd8
16.Nf5 Bf8 17.Bc1 b4 18.Na4 Nb6 19.Nxb6 Qxb6 20.Qf3 Ne8 21.Rd3 Rac8 22.Re2 Qa5
23.Ne3 Rc6 24.Nc4 Qc7 25.Be3 Be7 26.Red2 Nf6 27.Rd1 d5 28.Rxd5 Nxd5 29.exd5 Rf6
30.Qe4 Bc5 31.h3 Bxe3 32.fxe3 Qd7 33.Nxe5 Qe8 34.Rd3 Rfd6 35.Rd4 Kh8 36.Qf5 Rf6
37.Qe4 Rfd6 38.Qf5 Rf6 39.Qh5 a5 40.e4 Qe7 41.Nc4 Rf4 42.Qe5 Qh4 43.Kh2 Rf2
44.Rd2 Rxd2 45.Nxd2 Qf2 46.Nc4 Qc5 47.Qf4 f6 48.Qf5 a4 49.Qe6  1/2-1/2

[Event "Moscow Open 2012 A"]
[Site "Moscow RUS"]
[Date "2012.01.30"]
[Round "3.49"]
[White "Shyam,SM"]
[Black "Gerasimov,I"]
[Result "0-1"]
[WhiteElo "2462"]
[BlackElo "2333"]

1.e4 c5 2.Nf3 d6 3.d4 cxd4 4.Nxd4 Nf6 5.Nc3 a6 6.Be3 e6 7.Be2 Be7 8.g4 h6
9.f4 Nfd7 10.O-O Nc6 11.a4 O-O 12.Nb3 b6 13.h4 Bb7 14.g5 hxg5 15.hxg5 Nb4
16.Qd2 Nc5 17.Bf3 d5 18.exd5 Nxd5 19.Nxd5 Bxd5 20.Bxd5 Qxd5 21.Qxd5 exd5
22.Nd4 Rfe8 23.Rfe1 Rac8 24.Re2 Bd6 25.Kg2 Re4 26.Kf3 Bxf4 27.Bxf4 Rxd4 28.Rh1 Ne6
29.Reh2 Rxf4+ 30.Kg3 f5 31.Rh8+ Kf7 32.Rxc8 Rxa4 33.Re1 Rg4+ 34.Kf2 Rf4+
35.Ke3 Re4+ 36.Kd2 Nxg5 37.Rc7+ Kf6 38.Rxe4 dxe4 39.Rc6+ Ke5 40.Rxb6 Nf3+
41.Kd1 g5 42.Rxa6 g4 43.Rg6 Kf4 44.b4 Ne5 45.Rg7 g3 46.Ke2 Ng4 47.Kf1 Kf3
48.b5 e3 49.Re7 Nf2 50.Rg7 e2+  0-1

[Event "Moscow Open 2012 A"]
[Site "Moscow RUS"]
[Date "2012.02.01"]
[Round "5.19"]
[White "Gabrielian,A"]
[Black "Sharafiev,A"]
[Result "1-0"]
[WhiteElo "2545"]
[BlackElo "2443"]

1.e4 c5 2.Nf3 d6 3.d4 cxd4 4.Nxd4 Nf6 5.Nc3 a6 6.Be3 e6 7.f3 Nbd7 8.Qd2 b5
9.g4 Nb6 10.a4 Nc4 11.Bxc4 bxc4 12.a5 Bb7 13.Na4 d5 14.g5 Nd7 15.O-O-O dxe4
16.Qc3 Qe7 17.Bd2 e5 18.Nf5 Qe6 19.fxe4 Bxe4 20.Rhf1 Rb8 21.Ne3 Rb4 22.Qxb4 Bxb4
23.Bxb4 f6 24.Nc3 Bg6 25.Ncd5 Kf7 26.Nc7 Qc6  1-0

[Event "17th HIT Open A"]
[Site "Nova Gorica SLO"]
[Date "2012.02.01"]
[Round "8"]
[White "Drobnic,Milan"]
[Black "Zupancic,U"]
[Result "0-1"]
[WhiteElo "1679"]
[BlackElo "1921"]

1.e4 c5 2.Nf3 d6 3.d4 cxd4 4.Nxd4 Nf6 5.Nc3 a6 6.Be3 e6 7.Be2 Qc7 8.f4 Nc6
9.Bf3 Bd7 10.O-O Be7 11.Kh1 O-O 12.Qd2 Rac8 13.Nde2 b5 14.a3 Na5 15.Qc1 Nc4
16.Bg1 Bc6 17.Ng3 Bb7 18.Ra2 Rfd8 19.Bd4 e5 20.fxe5 dxe5 21.Be3 Nxe3 22.Qxe3 Bc5
23.Qe2 Bd4 24.Nf5 Bxc3 25.bxc3 Kh8 26.Bg4 Qc4 27.Qf2 Nxg4 28.Qf3 Bxe4  0-1

[Event "Gibraltar Open"]
[Site "Caleta ENG"]
[Date "2012.02.02"]
[Round "10.26"]
[White "Kosintseva,N"]
[Black "Alvarez Marquez,J"]
[Result "1-0"]
[WhiteElo "2537"]
[BlackElo "2398"]

1.e4 c5 2.Nf3 d6 3.d4 cxd4 4.Nxd4 Nf6 5.Nc3 a6 6.Be3 e5 7.Nf3 Be7 8.Bc4 O-O
9.O-O Be6 10.Bxe6 fxe6 11.Na4 Nfd7 12.c4 Qc7 13.Rc1 Nc6 14.Nc3 Rac8 15.a3 Na5
16.Nd2 Qd8 17.Ne2 Nb6 18.Bxb6 Qxb6 19.b4 Nc6 20.Qb3 Bg5 21.Rcd1 Bxd2 22.Rxd2 Na5
23.Qh3 Nxc4 24.Qxe6+ Kh8 25.Rd3 Qc6 26.Ng3 b5 27.Qg4 Rc7 28.Qe2 a5 29.Rfd1 axb4
30.axb4 g6 31.Rf3 Rxf3 32.Qxf3 Kg7 33.Qg4 Nb2 34.Rf1 Nd3 35.Nh5+ Kg8 36.Qf3 Nf4
37.Nxf4 Rf7 38.Nxg6 Kg7 39.Nxe5  1-0

[Event "Gibraltar Open"]
[Site "Caleta ENG"]
[Date "2012.02.02"]
[Round "10.71"]
[White "Eriksen,M"]
[Black "Nuri,Kam"]
[Result "0-1"]
[WhiteElo "2076"]
[BlackElo "2256"]

1.e4 c5 2.Nf3 d6 3.d4 cxd4 4.Nxd4 Nf6 5.Nc3 a6 6.Be3 Ng4 7.Bg5 h6 8.Bc1 Nc6
9.Nb3 b5 10.f3 Nge5 11.Be3 Bb7 12.Nd5 Nd7 13.a4 bxa4 14.Rxa4 e6 15.Nc3 Be7
16.Be2 O-O 17.O-O Nb6 18.Ra1 Qc7 19.Na4 Nxa4 20.Rxa4 Rfd8 21.Qe1 d5 22.Qf2 d4
23.Bd2 a5 24.Kh1 Nb4 25.Bxb4 Bxb4 26.Bd3 e5 27.Raa1 Ba6 28.Rac1 Rdc8 29.f4 a4
30.Bxa6 Rxa6 31.Na1 exf4 32.Qxd4 Bc5 33.Qd3 Rd6 34.Qc4 Rd4 35.Qe2 Qe5 36.Rce1 Re8
37.Qb5 Rd2 38.Qxa4 Be3 39.Nb3 Rxc2 40.Na5 Qxe4 41.Qxe4 Rxe4 42.Rb1 Re5 43.b4 Rg5  0-1

[Event "Gibraltar Open"]
[Site "Caleta ENG"]
[Date "2012.02.02"]
[Round "10.23"]
[White "Muzychuk,A"]
[Black "Cernousek,L"]
[Result "1-0"]
[WhiteElo "2580"]
[BlackElo "2438"]

1.e4 c5 2.Nf3 d6 3.d4 Nf6 4.Nc3 cxd4 5.Nxd4 a6 6.Be3 e5 7.Nf3 Be7 8.Bc4 O-O
9.O-O Nc6 10.Qe2 Na5 11.Bb3 Nxb3 12.axb3 Be6 13.Rfd1 Qc7 14.Bg5 Ne8 15.Bxe7 Qxe7
16.Nd2 Rc8 17.Nf1 f5 18.exf5 Rxf5 19.Ne3 Rg5 20.Ne4 Rg6 21.Rd2 Rh6 22.g3 Rd8
23.Rad1 Bc8 24.c4 b6 25.b4 Rg6 26.c5 bxc5 27.bxc5 Bb7 28.Nf5 Qe6 29.Nexd6 Ba8
30.Qc4 Kf8 31.Qxe6 Rxe6 32.Nxe8 Rdxe8 33.Nd6 Rb8 34.Ra1 e4 35.Rxa6 Re5 36.b4 Ke7
37.Nc4 Bd5 38.Nxe5  1-0

[Event "Moscow Open 2012 A"]
[Site "Moscow RUS"]
[Date "2012.02.02"]
[Round "6.18"]
[White "Demchenko,A"]
[Black "Khusnutdinov,R"]
[Result "0-1"]
[WhiteElo "2578"]
[BlackElo "2492"]

1.e4 c5 2.Nf3 d6 3.d4 cxd4 4.Nxd4 Nf6 5.Nc3 a6 6.Be3 Ng4 7.Bg5 h6 8.Bh4 g5
9.Bg3 Bg7 10.Qd2 Nc6 11.Nb3 Be6 12.h4 gxh4 13.Bxh4 Rc8 14.f3 Nf6 15.O-O-O h5
16.Kb1 Qc7 17.Be2 Kf8 18.Bf2 b5 19.Nd4 Nxd4 20.Bxd4 Rg8 21.a3 Bh8 22.Bd3 Qb7
23.e5 dxe5 24.Bxe5 b4 25.axb4 Qxb4 26.Bh7 Qa5 27.Qh6+ Bg7 28.Qg5 Rxc3 29.bxc3 Qb6+
30.Kc1 Nxh7 31.Bxg7+ Rxg7 32.Qc5 Qb8 33.Qe5 Qc8 34.Qa5 Ke8 35.Rxh5 f6 36.Rc5 Qb8
37.Qxa6 Kf7 38.Rc6 Nf8 39.Re1 Bd5 40.Rc5 Be6 41.Rc6 Bd5 42.Rc5 Rg5 43.Rd1 Be6
44.Rxg5 Qf4+ 45.Kb2 Qxg5 46.Rd8 Ng6 47.Qc6 Qxg2 48.c4 Qe2 49.c5 Qe5+ 50.Kc1 Qe1+
51.Kb2 Qb4+ 52.Kc1 Qa3+ 53.Kd1 Qa1+ 54.Ke2 Bc4+ 55.Ke3 Qe1+ 56.Kd4 Qd2+ 57.Kxc4 Ne5+
58.Kb3 Qe3+ 59.Rd3 Qxd3+ 60.cxd3 Nxc6 61.Kc4 Ke6 62.d4 Kd7 63.f4 e6 64.f5 exf5
65.d5 Ne5+ 66.Kd4 f4 67.Ke4 f3 68.c6+ Kd6 69.Ke3 f5 70.Kf2 f4  0-1

[Event "Moscow Open 2012 A"]
[Site "Moscow RUS"]
[Date "2012.02.02"]
[Round "6.11"]
[White "Frolyanov,D"]
[Black "Eliseev,U"]
[Result "1/2-1/2"]
[WhiteElo "2555"]
[BlackElo "2435"]

1.e4 c5 2.Nf3 d6 3.d4 cxd4 4.Nxd4 Nf6 5.Nc3 a6 6.Be3 e5 7.Nf3 Qc7 8.a4 h6
9.Be2 Be6 10.O-O Qc6 11.Ne1 Nbd7 12.Nd3 d5 13.exd5 Nxd5 14.Bd2 Bd6 15.Ne4 Be7
16.c4 N5b6 17.Bf3 Bxc4 18.Bb4 Qe6 19.Bxe7 Qxe7 20.Rc1 Be6 21.Rc7 O-O 22.Ndc5 Rac8
23.Nxe6 Qxe6 24.Rxb7 Rb8 25.Ra7 f5 26.a5 fxe4 27.Bg4 Qc6 28.axb6 Nf6 29.Be2 Qxb6
30.Rxa6 Qxb2 31.Rd6 Kh8 32.h3 Qc3 33.Qd2 Qxd2 34.Rxd2 Rfd8 35.Rfd1 Rxd2 36.Rxd2 Kh7
37.g3 Rb3 38.Kg2 e3 39.Rd3 Rxd3 40.Bxd3+ e4 41.Bc4 exf2 42.Kxf2 Kg6 43.Be6 Ne8
44.Ke3 Nd6 45.Kd4 Kg5 46.Ke5 e3 47.h4+ Kg6 48.Bg4 h5 49.Be2 Nf5 50.Bd3 e2
51.Bxe2 Nxg3 52.Bd3+ Kh6 53.Kf4 Nh1 54.Kf3 g5  1/2-1/2

[Event "Moscow Open Women 2012"]
[Site "Moscow RUS"]
[Date "2012.02.03"]
[Round "7.15"]
[White "Kostitsina,L"]
[Black "Doluhanova,E"]
[Result "0-1"]
[WhiteElo "2043"]
[BlackElo "2285"]

1.e4 c5 2.Nf3 d6 3.d4 cxd4 4.Nxd4 Nf6 5.Nc3 a6 6.Be3 e5 7.Nb3 Be7 8.Qd2 Be6
9.O-O-O Ng4 10.Kb1 Nxe3 11.Qxe3 Nd7 12.g3 O-O 13.f4 Rc8 14.Nd2 Qa5 15.h4 exf4
16.gxf4 Bf6 17.Nd5 Bxd5 18.exd5 Rfe8 19.Qf3 Qb6 20.Qb3 Qd4 21.c3 Qxf4 22.Bh3 Rc7
23.Qc2 Nc5 24.Rdf1 Qh6 25.Nc4 Ne4 26.Rxf6 Qxf6 27.Ne3 Nxc3+ 28.bxc3 Rxe3
29.Bf5 g6 30.Be4 Rcxc3 31.Qa4 b5  0-1

[Event "Moscow Open 2012 A"]
[Site "Moscow RUS"]
[Date "2012.02.03"]
[Round "7.91"]
[White "Shevchenko,Kirill"]
[Black "Ezhikov,V"]
[Result "1/2-1/2"]
[WhiteElo "1942"]
[BlackElo "2024"]

1.e4 c5 2.Nf3 d6 3.d4 cxd4 4.Nxd4 Nf6 5.Nc3 a6 6.Be3 Nbd7 7.Qd2 e6 8.Be2 Be7
9.O-O O-O 10.f4 Qc7 11.Bf3 Rb8 12.a4 Nb6 13.b3 d5 14.e5 Bb4 15.Nde2 Ne4 16.Bxe4 dxe4
17.Qd4 Bxc3 18.Qxc3 Qxc3 19.Nxc3 Nd5 20.Nxd5 exd5 21.Rad1 b5 22.a5 Bb7 23.Bc5 Rfe8
24.Kf2 Rbc8 25.b4 f6 26.exf6 gxf6 27.Ke3 f5 28.c3 Kf7 29.Bd4 Rg8 30.g3 h5
31.Rg1 Rg6 32.h4 Rgc6 33.Rc1 Rg6 34.Rcd1 Rcg8 35.Kf2 Rc8 36.Ke3 Rcg8 37.Kf2 Rc8
38.Ke3 Rcg8  1/2-1/2

[Event "Moscow Open 2012 A"]
[Site "Moscow RUS"]
[Date "2012.02.03"]
[Round "7.66"]
[White "Aldokhin,I"]
[Black "Chizhikov,V"]
[Result "1-0"]
[WhiteElo "2376"]
[BlackElo "2249"]

1.e4 c5 2.Nf3 d6 3.d4 cxd4 4.Nxd4 Nf6 5.Nc3 a6 6.Be3 e5 7.Nf3 Be7 8.Bc4 O-O
9.O-O Be6 10.Bxe6 fxe6 11.Na4 Nfd7 12.Qd3 b5 13.Nc3 Kh8 14.a4 bxa4 15.Qc4 a3
16.bxa3 Rf6 17.Nd5 exd5 18.Qxd5 Nc6 19.Qxc6 Rg6 20.Rab1 Nf6 21.Rb7 Rc8 22.Qxa6 Rxc2
23.Rfb1 Nd7 24.Qa7 Qf8 25.Ne1 Nc5 26.Rb8 Rxf2 27.Bxf2 Bd8 28.Rxd8 Qxd8 29.Rb8  1-0

[Event "Moscow Open 2012 A"]
[Site "Moscow RUS"]
[Date "2012.02.03"]
[Round "7.32"]
[White "Aitbayev,A"]
[Black "Tukhaev,A"]
[Result "1/2-1/2"]
[WhiteElo "2386"]
[BlackElo "2537"]

1.e4 c5 2.Nf3 d6 3.d4 cxd4 4.Nxd4 Nf6 5.Nc3 a6 6.Be3 Qc7 7.Qd2 b5 8.a4 b4
9.Nd5 Nxd5 10.exd5 Bb7 11.Rc1 Qa5 12.Bc4 Nd7 13.Nb3 Qc7 14.Qxb4 Ne5 15.Na5 Nxc4
16.Nxc4 Bxd5 17.Nb6 Bxg2 18.Rg1 Qb7 19.Rxg2 Qxg2 20.a5 f5 21.Rd1 Rd8 22.Nd5 e6
23.Nf4 Qe4 24.Rd4 Qh1+ 25.Ke2 e5 26.Qa4+ Rd7 27.Rc4 Qb7 28.Rb4 Qa8 29.Qb3 exf4
30.Rb8+ Qxb8 31.Qxb8+ Rd8 32.Qb7 fxe3 33.Qxa6 Be7 34.Qb5+ Kf7 35.Qxf5+ Bf6
36.Qd5+ Ke7 37.Qe4+ Kf7 38.Qd5+ Ke7 39.Qe4+ Kf7 40.Qd5+  1/2-1/2

[Event "Moscow Open Women 2012"]
[Site "Moscow RUS"]
[Date "2012.02.03"]
[Round "7.9"]
[White "Makarenko,A"]
[Black "Bodnaruk,A"]
[Result "0-1"]
[WhiteElo "2078"]
[BlackElo "2419"]

1.e4 c5 2.Nf3 d6 3.d4 cxd4 4.Nxd4 Nf6 5.Nc3 a6 6.Be3 e5 7.Nb3 Be6 8.Qd2 Nbd7
9.O-O-O b5 10.f4 Rc8 11.Kb1 Be7 12.f5 Bc4 13.Rg1 Nb6 14.Bd3 h5 15.h3 h4 16.g4 hxg3
17.Rxg3 Rh7 18.Na5 Bxd3 19.Qxd3 Kf8 20.Bxb6 Qxb6 21.Nb3 Rh4 22.Nd2 Qf2 23.Rf1 Qd4
24.Qe2 Rh7 25.Nf3 Qc4 26.Ng5 Rh4 27.Qg2 b4 28.b3 Qc5 29.Nd5 Nxd5 30.exd5 Bf6
31.Ne6+ fxe6 32.fxe6 Rf4 33.Rxf4 exf4 34.Rd3 f3 35.Rxf3 Qd4 36.c3 Qd1+ 37.Kb2 bxc3+
38.Ka3 c2 39.Rxf6+ gxf6 40.e7+ Kf7 41.e8=Q+ Rxe8  0-1

[Event "Moscow Open A 2012"]
[Site "Moscow RUS"]
[Date "2012.02.03"]
[Round "7"]
[White "Frolyanov,D"]
[Black "Bu Xiangzhi"]
[Result "1/2-1/2"]
[WhiteElo "2555"]
[BlackElo "2670"]

1.e4 c5 2.Nf3 d6 3.d4 cxd4 4.Nxd4 Nf6 5.Nc3 a6 6.Be3 e5 7.Nf3 Be7 8.Bc4 O-O
9.O-O Nc6 10.Re1 Be6 11.Nd5 Bxd5 12.exd5 b5 13.Bf1 Nb4 14.c4 bxc4 15.Bxc4 Qa5
16.Bd2 Qc5 17.Rc1 Nbxd5 18.Bg5 Qa5 19.Nxe5 dxe5 20.Rxe5 Qb4 21.Bxd5 Nxd5
22.Rxd5 Bxg5 23.Rxg5 Qxb2 24.Qc2 Qxc2 25.Rxc2 g6 26.Rgc5 Rfd8 27.g3 Rd3 28.a4 Ra7
29.Kg2 Kg7 30.h4 h5 31.Ra5 Rd6 32.Rac5 Rd3 33.Ra5 Rd6 34.Rac5 Rd3 35.Ra5  1/2-1/2

[Event "TCh-CAT 2012"]
[Site "Catalunya ESP"]
[Date "2012.02.04"]
[Round "2.2"]
[White "Torrecillas Martinez,A"]
[Black "Rios,Cr"]
[Result "0-1"]
[WhiteElo "2424"]
[BlackElo "2384"]

1.e4 c5 2.Nf3 d6 3.d4 cxd4 4.Nxd4 Nf6 5.Nc3 a6 6.Be3 e6 7.g4 h6 8.Bg2 e5
9.Nf5 g6 10.Nxh6 Bxh6 11.Bxh6 Nxg4 12.Bd2 Qh4 13.Qe2 Nc6 14.Be3 Nxe3 15.Qxe3 Qg4
16.Bf3 Nd4 17.Bxg4 Nxc2+ 18.Kd2 Nxe3 19.Be2 Ng2 20.Nd5 Rb8 21.Rac1 Be6 22.Nb6 Nf4
23.h4 Bxa2 24.Bg4 Be6 25.Bxe6 Nxe6 26.Ke3 Rd8 27.Nd5 Kf8 28.Rc3 Kg7 29.Rb3 Nc5
30.Rb6 Rd7 31.f4 exf4+ 32.Kxf4 Re8 33.h5 Rxe4+ 34.Kg3 gxh5 35.Rxh5 Re5 36.Kg4 Ne4
37.Rxe5 dxe5 38.Ne3 f6 39.Nf5+ Kf7 40.Kh5 a5 41.Nh6+ Kg7 42.Nf5+ Kh7 43.Rb5 a4
44.Ra5 Rd3 45.Rxa4 Ng3+ 46.Nxg3 Rxg3 47.Rb4 Rg7 48.Rb6 Rf7 49.Re6 Kg7 50.Kg4 Kg6
51.Rb6 Rc7 52.b3 Rd7 53.b4 Re7  0-1

[Event "Moscow Open Women 2012"]
[Site "Moscow RUS"]
[Date "2012.02.05"]
[Round "9.41"]
[White "Kostitsina,L"]
[Black "Paramzina,A"]
[Result "1-0"]
[WhiteElo "2043"]
[BlackElo "1902"]

1.e4 c5 2.Nf3 d6 3.d4 cxd4 4.Nxd4 Nf6 5.Nc3 a6 6.Be3 e6 7.f3 b5 8.Qd2 Bb7
9.a4 bxa4 10.Nxa4 Nbd7 11.Nb3 Qc7 12.Na5 Bxe4 13.Nc4 Bb7 14.Nab6 Rb8 15.Nxd7 Nxd7
16.Na5 Bd5 17.b3 Be7 18.Bd4 Bh4+ 19.Kd1 Ne5 20.f4 Ng4 21.Bxa6 e5 22.Qe2 Be6
23.Bb5+ Kf8 24.Nc6 Re8 25.Ra7 Qc8 26.fxe5 Nxe5 27.Qe4 Bg4+ 28.Kc1 Nxc6 29.Qxc6 Qxc6
30.Bxc6 Rb8 31.Bd5 Bh5 32.Rf1 f6 33.Kb2 Re8 34.g3 Bg5 35.h4  1-0

[Event "ch-ROU Women 2012"]
[Site "Sarata Monteoru ROU"]
[Date "2012.02.14"]
[Round "2.4"]
[White "Uta,Ad"]
[Black "Bulmaga,I"]
[Result "1-0"]
[WhiteElo "2087"]
[BlackElo "2360"]

1.e4 c5 2.Nf3 d6 3.d4 cxd4 4.Nxd4 Nf6 5.Nc3 a6 6.Be3 e5 7.Nb3 Be6 8.h3 Nbd7
9.Qf3 Qc7 10.O-O-O b5 11.Nd5 Bxd5 12.exd5 Rc8 13.c3 g6 14.Kb1 Bg7 15.g4 O-O
16.h4 h5 17.gxh5 Nxh5 18.Bh3 Rb8 19.Na5 b4 20.c4 e4 21.Qe2 Ne5 22.Nc6 Nxc6
23.dxc6 b3 24.a3 Qxc6 25.Bg4 Nf6 26.Bd4 Nxg4 27.Qxg4 Qxc4 28.Qxe4 Rbc8 29.Qd3 Qc2+
30.Ka1 Rc4  1-0